000 00434nam a2200157 i 4500
001 bg
100 1 _aBOBKO, Tadeusz
245 0 _aTechnologia procesów budownictwa uprzemysłowionego.
_nCz. 2 /
_cT. Bobko, Zbigniew B. Sobczyk.
260 _aCzęstochowa,
_c1990.
700 1 _aSOBCZYK, Zbigniew Bronisław
040 _cBPK
041 _apol
080 _a69.057(075.8)
942 _cKS
008 s pl f |000 0 pol
999 _c4556
_d4556
856 _uhttp://koha.tu.koszalin.pl/cgi-bin/koha/opac-detail.pl?biblionumber=4556
_yKatalog online BPK